Währung: CFA-Franc-Zone - Statistiken

Allgemein
  • Dieses Quiz wurde 12 mal gespielt
  • Das Durchschnittsergebnis liegt bei 13 aus 14
Antwortstatistiken
Land % Korrekt
Mali
100%
Tschad
100%
Zentralafrikanische Republik
100%
Benin
92%
Niger
92%
Republik Kongo
92%
Senegal
92%
Äquatorialguinea
83%
Burkina Faso
83%
Elfenbeinküste
83%
Gabun
83%
Guinea-Bissau
83%
Kamerun
83%
Togo
83%
Keine übereinstimmenden Quizze gefunden
Verteilung der Resultate
Anzahl Personen mit jedem Resultat
Perzentil nach korrekt beantworteten Fragen
Ihre Resultats-Entwicklung
Sie haben dieses Quiz noch nicht gespielt